[Event "RUS-ch Men Rapid 2019"]
[Site "Sochi"]
[Date "2019.10.15"]
[Round "5.3"]
[White "Tsydypov, Zhamsaran"]
[Black "Drygalov, Andrey"]
[Result "1-0"]
[WhiteElo "2671"]
[BlackElo "2538"]
[Annotator "RC"]
[PlyCount "77"]
[EventDate "2019.10.15"]
[EventType "swiss"]
[EventCountry "RUS"]
[SourceTitle "playchess.com"]
[Source "ChessBase"]
[SourceQuality "1"]
[TimeControl "900+10"]

1. c4 {[%emt 0:00:01]} e5 {[%emt 0:00:00]} 2. g3 {[%emt 0:00:04]} Nf6 {[%emt 0:00:00]} 3. Bg2 {[%emt 0:00:01]} d5 {[%emt 0:00:00]} 4. cxd5 {[%emt 0:00:02]} Nxd5 {[%emt 0:00:00]} 5. Nc3 {[%emt 0:00:03]} Nb6 {[%emt 0:00:00]} 6. e3 {[%emt 0:00:29]} h5 {[%emt 0:01:21]} 7. Nge2 {[%emt 0:00:10]} h4 {[%emt 0:00:02]} 8. d4 {[%emt 0:00:02]} hxg3 {[%emt 0:01:01]} 9. hxg3 {[%emt 0:00:10]} Rxh1+ {[%emt 0:00:01]} 10. Bxh1 {[%emt 0:00:01]} Bd6 {[%emt 0:00:37]} 11. dxe5 {[%emt 0:02:19]} Bxe5 {[%emt 0:00:01]} 12. Qxd8+ {[%emt 0:00:01]} Kxd8 {[%emt 0:00:01]} 13. f4 {[%emt 0:00:33]} Bf6 {[%emt 0:00:14]} 14. e4 {[%emt 0:00:07]} c6 {[%emt 0:00:19]} 15. Be3 {[%emt 0:01:54]} Bg4 {[%emt 0:00:12]} 16. Bd4 {[%emt 0:02:53]} N8d7 {[%emt 0:01:06]} 17. Bxf6+ {[%emt 0:00:26]} Nxf6 {[%emt 0:00:22]} 18. e5 {[%emt 0:00:11]} Nfd7 {[%emt 0:00:00]} 19. b4 {[%emt 0:00:28]} Kc7 {[%emt 0:01:51]} 20. Kf2 {[%emt 0:00:24]} f6 {[%emt 0:00:16]} 21. exf6 {[%emt 0:00:24]} gxf6 {[%emt 0:00:12]} 22. b5 {[%emt 0:00:12]} Nc5 {[%emt 0:01:09]} 23. bxc6 {[%emt 0:00:11]} bxc6 {[%emt 0:00:01]} 24. Nd4 {[%emt 0:00:05]} Rd8 {[%emt 0:01:54]} 25. Nxc6 {[%emt 0:00:27]} Rd2+ {[%emt 0:00:01]} 26. Kg1 {[%emt 0:00:18]} Rd3 {[%emt 0:00:29]} 27. Nxa7 {[%emt 0:00:08]} Rxg3+ {[%emt 0:00:26]} 28. Kf2 {[%emt 0:00:06]} Rh3 {[%emt 0:00:19]} 29. Bg2 {[%emt 0:01:18]} Nd3+ {[%emt 0:00:08]} 30. Kg1 {[%emt 0:00:12]} Rh8 {[%emt 0:00:14]} 31. Nab5+ {[%emt 0:00:15]} Kd7 {[%emt 0:02:17]} 32. Rf1 {[%emt 0:00:27]} Nc4 {[%emt 0:00:30]} 33. Nd5 {[%emt 0:00:04]} Be2 {[%emt 0:02:34]} 34. Ra1 {[%emt 0:00:26]} Rh6 {[%emt 0:01:52]} 35. Nd4 {[%emt 0:00:12]} Bg4 {[%emt 0:00:01]} 36. a4 {[%emt 0:00:48]} Rg6 {[%emt 0:00:55]} 37. f5 {[%emt 0:00:08]} Rg7 {[%emt 0:00:26]} 38. Nxf6+ {[%emt 0:00:06]} Kd6 {[%emt 0:00:00]} 39. Ne8+ {[%emt 0:00:02] Kd5} 1-0

[Event "RUS-ch Men Rapid 2019"]
[Site "Sochi"]
[Date "2019.10.15"]
[Round "5.4"]
[White "Shimanov, Aleksandr"]
[Black "Vastrukhin, Oleg"]
[Result "1-0"]
[WhiteElo "2653"]
[BlackElo "2512"]
[Annotator "TA"]
[PlyCount "109"]
[EventDate "2019.10.15"]
[EventType "swiss"]
[EventCountry "RUS"]
[SourceTitle "playchess.com"]
[Source "ChessBase"]
[SourceQuality "1"]

{[%evp 9,109,7,28,22,41,-20,-4,-47,-52,-46,-66,-69,-79,-68,-58,-48,68,-59,-47,-58,-2,-79,0,-62,-54,-50,-53,-39,-53,-55,-35,-68,-61,-50,-7,-41,28,26,19,14,318,313,320,321,343,343,327,319,385,389,457,358,438,432,416,360,374,360,598,485,503,430,416,306,926,857,795,666,586,427,431,414,541,478,514,506,514,509,487,509,519,518,568,570,621,599,939,582,578,554,568,568,759,740,1095,1128,1709,1774,29978,29978,29993,29993]} 1. d4 g6 2. g3 Bg7 3. Bg2 c5 4. c3 cxd4 5. cxd4 Nc6 (5... d5 6. Nc3 e6 7. Nf3 Nc6 8. Bf4 Nge7 9. Qd2 Nf5 10. Nb5 O-O 11. g4 Nfe7 12. h3 Bd7 13. Bc7 Qc8 14. Bd6 a6 15. Nc3 Qd8 {1-0 (40) Petrosian,T (2593)-Shimanov,A (2631) Chicago 2016}) 6. d5 {A40: Unusual replies to 1 d4} Ne5 7. f4 $146 (7. Nc3 $14) ({Predecessor:} 7. Nh3 d6 8. O-O Nf6 9. Nc3 O-O 10. Bf4 Nh5 11. Bg5 h6 12. Bc1 Bg4 13. f3 {1-0 (43) Angel Acosta,J (2160)-Fernandez de la Hoz A,C (1754) Las Palmas 2014}) 7... Nc4 $11 8. Qb3 {The position is equal.} Qa5+ 9. Nc3 {[#]} b5 $1 {[%mdl 512]} 10. e4 (10. Qxb5 Bxc3+) 10... Ba6 11. a3 Rc8 12. Nge2 d6 (12... Qb6 $15) 13. O-O (13. Qb4 $14) 13... Nf6 $15 14. h3 Nd7 (14... h5 $15) 15. Kh2 (15. Rf3 $11 {remains equal.}) 15... O-O ({Black should play} 15... b4 $17 16. Qxb4 Rb8 17. Qxa5 Nxa5) 16. Ra2 (16. Qa2 $11) 16... Nc5 17. Qd1 {[#] aiming for b4.} b4 18. axb4 Qxb4 19. Rf3 Na5 20. Bd2 Nab3 ({Wrong is} 20... Nxe4 $2 21. Nxe4 Qxe4 22. Nc3 $18) 21. Be1 Rc7 22. Ra3 Nd4 (22... Qb8 $15) 23. Nxd4 $11 Qxd4 24. Qa1 Bd3 $2 {[%mdl 8192]} (24... Rb8 $1 $11 {and Black has nothing to worry.}) 25. Bf2 $18 Qc4 26. Bxc5 $1 Rxc5 27. Ra4 Qb3 28. Rxd3 Rb8 29. Rxa7 h5 30. Ra8 {Na4 is the strong threat.} Rxa8 31. Qxa8+ Kh7 32. Qa2 Qc2 33. Qa6 g5 $2 (33... Rc7 {might work better.} 34. e5 dxe5) 34. Rf3 h4 35. gxh4 gxf4 36. Qd3 Qb3 $2 (36... Qxd3 37. Rxd3 Bf6) 37. e5+ Kg8 38. exd6 exd6 39. Ne4 Qxd3 40. Rxd3 Rb5 41. b3 Be5 42. Bf3 Ra5 43. Kg2 Ra2+ 44. Rd2 Ra3 45. Bd1 Kg7 46. Kf3 Kg6 47. Rg2+ Kh5 48. Kf2+ Kh6 49. Ng5 Ra7 50. Kf3 f6 51. Ne6 Ra1 52. Bc2 {Intending Rg6+ and mate.} Rf1+ 53. Ke2 Rh1 54. Bf5 Ra1 55. Rg8 {Accuracy: White = 41%, Black = 39%.} 1-0

[Event "RUS-ch Men Rapid 2019"]
[Site "Sochi"]
[Date "2019.10.15"]
[Round "5.5"]
[White "Popov, Valerij"]
[Black "Belozerov, Andrei"]
[Result "1-0"]
[WhiteElo "2625"]
[BlackElo "2506"]
[Annotator "TA"]
[PlyCount "112"]
[EventDate "2019.10.15"]
[EventType "swiss"]
[EventCountry "RUS"]
[SourceTitle "playchess.com"]
[Source "ChessBase"]
[SourceQuality "1"]

{[%evp 9,112,5,34,28,58,57,55,39,60,48,61,52,52,30,33,31,30,20,45,10,22,0,7,0,31,26,64,29,24,18,37,24,55,50,66,63,77,77,77,76,77,72,79,69,82,64,64,66,68,62,56,30,66,61,79,53,75,83,78,77,83,8,11,0,0,0,0,0,0,0,0,0,0,0,0,0,0,0,0,0,258,258,243,243,318,236,234,172,204,204,375,368,481,200,604,600,623,597,1008,850,5804,5185,29970,29972,29971]} 1. c4 c6 2. Nf3 d5 3. e3 Nf6 4. Nc3 e6 5. b3 a6 (5... Bd6 6. Bb2 O-O 7. d4 Nbd7 8. Be2 b6 9. O-O Bb7 10. Qc2 Qe7 11. Rad1 Rfe8 12. Rfe1 Rad8 13. g3 Bb4 14. a3 Bd6 15. b4 dxc4 16. e4 e5 17. Bxc4 exd4 18. Nxd4 Ne5 19. Nf5 Nf3+ 20. Kh1 Qf8 {½-½ (54) Maghsoodloo,P (2671)-Saric,I (2694) Malmo 2019}) 6. Bb2 {A11: English Opening: 1...c6} c5 7. cxd5 exd5 8. d4 {White is slightly better.} cxd4 $146 ({Predecessor:} 8... Nc6 9. Be2 Be6 10. O-O Ne4 11. dxc5 Bxc5 12. Rc1 Nxc3 13. Bxc3 {1-0 (37) Kurajica,B (2517)-Cruz Lledo,P (2413) Las Palmas 2016}) 9. Nxd4 (9. exd4 Nc6 $11) 9... Bb4 10. a3 Bd6 11. Be2 O-O 12. O-O Nc6 13. Bf3 Be5 14. Nce2 {aiming for Nxc6.} Qd6 15. Ng3 Bd7 16. Qd2 Rfe8 (16... Ne4 $5 17. Bxe4 dxe4 $11) 17. Rfd1 Rad8 18. Ndf5 Bxf5 19. Nxf5 Qe6 20. Bxe5 Qxe5 21. Nd4 Nxd4 22. Qxd4 Qxd4 23. Rxd4 Rd7 24. Rc1 Kf8 25. g4 g5 26. Rc5 Ke7 27. b4 ({Avoid the trap} 27. Bxd5 $2 b6 $19) 27... Red8 28. Kg2 h6 29. h3 Ke6 30. Kg3 Ke5 31. Bg2 Rd6 32. b5 axb5 33. Rxb5 b6 34. Rdb4 Ra8 35. Rb3 ({Better is} 35. a4 $16) 35... Nd7 $11 36. h4 Nc5 37. Rc3 Ra4 38. Rb4 Rxb4 39. axb4 Ne4+ 40. Bxe4 $1 dxe4 {[%mdl 4096] Endgame KR-KR} 41. Rc7 {And now hxg5 would win.} Rf6 42. h5 Kd5 43. b5 Rf3+ 44. Kg2 {Rc6 is the strong threat.} f5 $2 {[%mdl 8192] [#]} (44... Ke5 $11 {and Black stays safe.}) 45. gxf5 $1 $18 Rxf5 46. Rc6 {[%mdl 64] Double Attack} g4 47. Rxb6 Rxh5 48. Rg6 Kc4 {[#]} 49. b6 $1 ({Resist} 49. Rxg4 $6 Kd3 $16) 49... Rb5 $2 (49... Kd3 {was called for.} 50. Rd6+ (50. Rxg4 Rb5 $16) 50... Ke2) 50. Rxh6 Kd3 51. Re6 (51. Kg3 $142 Kc4 52. Kxg4) 51... Rb4 $2 (51... Kc4 52. Kg3 Kd5) 52. Kg3 Ke2 53. Rf6 Rb1 54. Kxg4 Rg1+ 55. Kf4 Kxf2 56. Kxe4+ Ke2 {Accuracy: White = 58%, Black = 45%.} 1-0

[Event "RUS-ch Men Rapid 2019"]
[Site "Sochi"]
[Date "2019.10.15"]
[Round "5.6"]
[White "Lysyj, Igor"]
[Black "Oganian, Miran"]
[Result "1-0"]
[WhiteElo "2588"]
[BlackElo "2436"]
[Annotator "ChessBase"]
[PlyCount "91"]
[EventDate "2019.10.15"]
[EventType "swiss"]
[EventCountry "RUS"]
[SourceTitle "playchess.com"]
[Source "ChessBase"]
[SourceQuality "1"]
[TimeControl "900+10"]

1. d4 {[%emt 0:00:00]} Nf6 {[%emt 0:00:00]} 2. Nf3 {[%emt 0:00:07]} d5 {[%emt 0:00:00]} 3. g3 {[%emt 0:00:02]} e6 {[%emt 0:00:04]} 4. Bg2 {[%emt 0:00:02]} b5 {[%emt 0:00:20]} 5. O-O {[%emt 0:00:05]} c5 {[%emt 0:00:18]} 6. a4 {[%emt 0:00:28]} b4 {[%emt 0:00:10]} 7. c4 {[%emt 0:01:00]} bxc3 {[%emt 0:00:07]} 8. Nxc3 {[%emt 0:00:09]} Nc6 {[%emt 0:00:11]} 9. Bg5 {[%emt 0:01:11]} h6 {[%emt 0:02:44]} 10. Bxf6 {[%emt 0:00:12]} gxf6 {[%emt 0:01:36]} 11. dxc5 {[%emt 0:00:24]} Bxc5 {[%emt 0:00:18]} 12. Rc1 {[%emt 0:00:11]} Qb6 {[%emt 0:00:25]} 13. Nxd5 {[%emt 0:01:44]} exd5 {[%emt 0:01:37]} 14. Qxd5 {[%emt 0:00:04]} Be7 {[%emt 0:01:31]} 15. Qxc6+ {[%emt 0:01:01]} Qxc6 {[%emt 0:00:04]} 16. Rxc6 {[%emt 0:00:01]} Rb8 {[%emt 0:00:19]} 17. Nd4 {[%emt 0:00:41]} Bd7 {[%emt 0:00:22]} 18. Ra6 {[%emt 0:00:11]} Bc5 {[%emt 0:00:19]} 19. Bc6 {[%emt 0:02:25]} Bxc6 {[%emt 0:01:54]} 20. Nxc6 {[%emt 0:00:09]} Rxb2 {[%emt 0:00:02]} 21. Rc1 {[%emt 0:00:32]} Ba3 {[%emt 0:00:26]} 22. Rc3 {[%emt 0:00:38]} Ra2 {[%emt 0:00:13]} 23. Nxa7 {[%emt 0:00:49]} O-O {[%emt 0:00:07]} 24. Nb5 {[%emt 0:00:23]} Bb4 {[%emt 0:00:03]} 25. Rc4 {[%emt 0:00:08]} Be1 {[%emt 0:00:14]} 26. Nd4 {[%emt 0:00:20]} Kg7 {[%emt 0:00:50]} 27. Nf5+ {[%emt 0:00:15]} Kg6 {[%emt 0:00:05]} 28. Ne7+ {[%emt 0:00:24]} Kh7 {[%emt 0:00:07]} 29. Re4 {[%emt 0:01:53]} Kg7 {[%emt 0:00:38]} 30. Rg4+ {[%emt 0:00:21]} Kh7 {[%emt 0:00:01]} 31. Re4 {[%emt 0:00:57]} Kg7 {[%emt 0:00:10]} 32. Nd5 {[%emt 0:00:45]} f5 {[%emt 0:00:08]} 33. Re5 {[%emt 0:00:02]} Rc8 {[%emt 0:01:22]} 34. Ne7 {[%emt 0:00:22]} Rd8 {[%emt 0:01:18]} 35. Nxf5+ {[%emt 0:00:03]} Kg8 {[%emt 0:00:13]} 36. Nxh6+ {[%emt 0:00:08]} Kf8 {[%emt 0:00:01]} 37. Nf5 {[%emt 0:00:12]} Bc3 {[%emt 0:00:15]} 38. Re4 {[%emt 0:00:11]} Re8 {[%emt 0:00:18]} 39. Rxe8+ {[%emt 0:00:25]} Kxe8 {[%emt 0:00:01]} 40. Kf1 {[%emt 0:00:06]} Ra1+ {[%emt 0:00:16]} 41. Kg2 {[%emt 0:00:01]} Ra2 {[%emt 0:00:01]} 42. Kf3 {[%emt 0:00:02]} Ra3 {[%emt 0:00:03]} 43. e3 {[%emt 0:00:13]} Ra2 {[%emt 0:00:02]} 44. Nd6+ {[%emt 0:00:05]} Ke7 {[%emt 0:00:05]} 45. Ne4 {[%emt 0:00:02]} Be1 {[%emt 0:00:01]} 46. g4 {[%emt 0:00:01]} 1-0

[Event "RUS-ch Men Rapid 2019"]
[Site "Sochi"]
[Date "2019.10.15"]
[Round "5.7"]
[White "Khismatullin, Denis"]
[Black "Yudin, Sergei"]
[Result "0-1"]
[WhiteElo "2550"]
[BlackElo "2577"]
[Annotator "ChessBase"]
[PlyCount "76"]
[EventDate "2019.10.15"]
[EventType "swiss"]
[EventCountry "RUS"]
[SourceTitle "playchess.com"]
[Source "ChessBase"]
[SourceQuality "1"]
[TimeControl "900+10"]

1. c4 {[%emt 0:00:03]} e6 {[%emt 0:00:00]} 2. Nf3 {[%emt 0:00:12]} d5 {[%emt 0:00:00]} 3. e3 {[%emt 0:00:01]} f5 {[%emt 0:00:43]} 4. b3 {[%emt 0:00:22]} Nf6 {[%emt 0:00:03]} 5. Bb2 {[%emt 0:00:01]} Bd6 {[%emt 0:00:04]} 6. Nc3 {[%emt 0:00:44]} c6 {[%emt 0:00:16]} 7. h3 {[%emt 0:00:41]} O-O {[%emt 0:00:10]} 8. g4 {[%emt 0:00:14]} Qe7 {[%emt 0:01:52]} 9. Rg1 {[%emt 0:01:26]} fxg4 {[%emt 0:02:07]} 10. hxg4 {[%emt 0:00:07]} Ne4 {[%emt 0:00:12]} 11. Qe2 {[%emt 0:06:18]} Na6 {[%emt 0:01:22]} 12. Bg2 {[%emt 0:01:10]} Nxc3 {[%emt 0:02:00]} 13. dxc3 {[%emt 0:00:54]} e5 {[%emt 0:00:40]} 14. Nd2 {[%emt 0:00:26]} e4 {[%emt 0:00:23]} 15. O-O-O {[%emt 0:00:33]} Nc5 {[%emt 0:00:33]} 16. f3 {[%emt 0:00:02]} Bxg4 {[%emt 0:00:58]} 17. cxd5 {[%emt 0:00:48]} cxd5 {[%emt 0:00:20]} 18. Bh1 {[%emt 0:01:34]} Nd3+ {[%emt 0:01:21]} 19. Kb1 {[%emt 0:00:04]} Nxb2 {[%emt 0:00:17]} 20. Kxb2 {[%emt 0:00:05]} Ba3+ {[%emt 0:02:32]} 21. Ka1 {[%emt 0:00:05]} exf3 {[%emt 0:01:05]} 22. Bxf3 {[%emt 0:01:19]} Qf6 {[%emt 0:01:12]} 23. Bxd5+ {[%emt 0:00:41]} Kh8 {[%emt 0:00:01]} 24. Qd3 {[%emt 0:00:07]} Bxd1 {[%emt 0:00:08]} 25. Rxd1 {[%emt 0:00:03]} Rad8 {[%emt 0:00:03]} 26. e4 {[%emt 0:00:43]} b5 {[%emt 0:00:37]} 27. Nb1 {[%emt 0:00:19]} Bb4 {[%emt 0:00:08]} 28. Kb2 {[%emt 0:00:04]} a6 {[%emt 0:00:03]} 29. Rd2 {[%emt 0:00:14]} Bd6 {[%emt 0:00:05]} 30. a3 {[%emt 0:00:23]} Be5 {[%emt 0:00:04]} 31. b4 {[%emt 0:00:02]} Qf3 {[%emt 0:00:21]} 32. Qc2 {[%emt 0:00:06]} g5 {[%emt 0:00:12]} 33. Rd3 {[%emt 0:00:10]} Qf2 {[%emt 0:00:04]} 34. Rd2 {[%emt 0:00:02]} Qf4 {[%emt 0:00:08]} 35. Rg2 {[%emt 0:00:20]} g4 {[%emt 0:00:05]} 36. Be6 {[%emt 0:00:05]} g3 {[%emt 0:00:22]} 37. Bf5 {[%emt 0:00:07]} Qf1 {[%emt 0:00:04]} 38. Bh3 {[%emt 0:00:20]} Qxg2 {[%emt 0:00:26]} 0-1

[Event "RUS-ch Men Rapid 2019"]
[Site "Sochi"]
[Date "2019.10.15"]
[Round "5.8"]
[White "Savchenko, Boris"]
[Black "Goryachkina, Aleksandra"]
[Result "1/2-1/2"]
[WhiteElo "2560"]
[BlackElo "2504"]
[Annotator "TA"]
[PlyCount "195"]
[EventDate "2019.10.15"]
[EventType "swiss"]
[EventCountry "RUS"]
[SourceTitle "playchess.com"]
[Source "ChessBase"]
[SourceQuality "1"]

{[%evp 10,195,31,8,25,17,26,-12,38,14,28,24,16,22,24,22,49,19,30,24,25,13,16,12,21,13,8,1,20,0,28,34,31,29,33,26,35,16,35,22,28,27,29,42,55,36,80,66,153,122,191,62,80,29,56,0,74,78,66,84,64,0,0,0,0,-81,-79,-207,0,-41,0,-51,0,0,0,0,1,8,5,0,0,0,5,0,0,0,75,75,75,75,75,75,75,75,75,75,139,141,262,75,141,75,75,75,335,100,100,79,233,175,257,0,141,0,141,111,118,58,58,37,43,43,58,58,58,58,113,26,58,26,32,0,58,58,58,0,58,58,58,58,58,58,58,26,58,58,141,141,141,141,141,141,141,141,141,141,141,141,141,113,113,113,113,113,113,113,113,0,113,113,113,113,113,113,113,113,113,85,85,85,85,85,85,87,88,85,85,85]} 1. e4 c6 2. Nc3 d5 3. Nf3 dxe4 4. Nxe4 Nf6 5. Qe2 Nxe4 6. Qxe4 Qa5 {B11: Caro-Kann: Two Knights Variation} 7. Qf4 (7. Qh4 Nd7 8. Bc4 Ne5 9. Be2 Nxf3+ 10. Bxf3 Bf5 11. O-O Bxc2 12. d4 e6 13. Qg3 Bg6 14. h4 {1-0 (48) Wei,Y (2721)-Vachier Lagrave,M (2774) chess.com INT 2019}) 7... Qf5 8. Qe3 (8. d3 {is interesting.} Qxf4 9. Bxf4 f6 10. Bg3 g5 11. h3) 8... Qe6 {The position is equal.} (8... Qxc2 {seems wilder.} 9. Bd3 Qa4 10. b3 Qa5 11. Bb2 f6) 9. b3 Qxe3+ 10. fxe3 a5 11. Bb2 Bf5 $146 ({Predecessor:} 11... f6 12. d4 Bf5 13. Kd2 Na6 14. a3 {1-0 (44) Tari,A (2620)-Salgado Lopez,I (2629) St Petersburg 2018}) 12. Be2 e6 13. Rf1 Nd7 14. O-O-O a4 15. Nh4 Bg6 16. Kb1 f6 17. Nxg6 hxg6 18. h3 Bd6 19. Bf3 Ke7 20. d4 axb3 21. axb3 Ba3 22. Ba1 Ra7 23. c4 Rha8 24. Kc2 Bd6 25. Bb2 Ra2 26. c5 Bc7 27. b4 R8a7 28. Kb3 f5 (28... Nf8 $14) 29. e4 Nf6 (29... Bg3 $16) 30. Rfe1 ({Only move:} 30. d5 $18 cxd5 31. exd5 exd5 32. Rfe1+ Kf8 33. Bxd5) 30... Bg3 $14 (30... Nxe4 $2 31. Bxe4 fxe4 32. Rxe4 $18) 31. Re3 (31. Re2 $16) 31... Bf4 32. Ree1 Bg3 33. Re2 {And now d5 would win.} fxe4 34. Bxe4 R7a3+ 35. Bxa3 (35. Kc2 $1 $14) 35... Rxe2 $11 36. Bf3 Re3+ 37. Kb2 (37. Ka4 $11) 37... Nd5 $17 {Threatens to win with ...Nc3.} 38. b5 (38. Rd2 $17) 38... Be1 $2 ({Worse is} 38... cxb5 39. Bxd5 exd5 40. c6+ Bd6 41. Bxd6+ (41. cxb7 $2 Bxa3+ 42. Kc2 Bd6 $19) 41... Kxd6 42. cxb7 $15) (38... Nc3 $1 $19 39. Rf1 Nxb5 {[%mdl 64] Double Attack, Discovered Attack}) 39. b6 g5 40. Bg4 (40. Rc1 $11) 40... Nf4 ({Black should play} 40... Ba5 $15) 41. Ka2 $11 Nd5 {White must now prevent ...Nc3+.} 42. Bb2 Nc3+ 43. Bxc3 $1 Bxc3 {[%mdl 4096] Endgame KRB-KRB} 44. Bf3 Kd7 45. Bg4 Ke7 46. Bf3 Kd7 47. Bh5 Re4 (47... Kd8 $11 {remains equal.}) 48. Rd3 $1 $16 {[%cal Rd3c3]} Be1 49. Bf3 Rf4 50. Ra3 $1 {[%cal Ra3a7]} Rf8 ({Avoid the trap} 50... Rxd4 $2 51. Ra7 $18) 51. Ra7 Rb8 52. Kb3 Bf2 (52... Bg3 $142) 53. Kc4 Bg3 (53... Ke8 $16 54. Bg4 e5) 54. Kd3 $2 (54. Bg4 $18) 54... Bf2 (54... Bf4 $142) 55. Ke4 ({White should try} 55. Bg4) 55... Bg3 56. Be2 Bf2 $2 {[%mdl 8192] [#]} (56... Bh2 $16) 57. Bc4 $2 (57. Ba6 $1 $18 {[%cal Ra6b7]} e5 58. Bxb7 Bxd4 59. Ba6+ Ke8 60. Rxg7) 57... Bg3 58. Ra3 Be1 $2 (58... Bh2 $16 {might work better.}) 59. Ke5 Re8 (59... Ke7 $142 60. Bxe6 Bf2) 60. Ra7 $2 (60. Rf3 $18) 60... Bg3+ $11 61. Ke4 Kc8 (61... Rb8 $11) 62. Ra8+ Bb8 63. Bb3 (63. Kf3 $16) 63... Kd7 $14 64. Bd1 Rf8 65. Bg4 Rf4+ 66. Kd3 Rf8 67. Kc4 Rd8 (67... Ke7 $14) 68. Kb4 (68. Ra3 $16) 68... Rf8 69. Ka5 Rd8 70. Be2 Rf8 (70... Bh2 $11 71. Rxd8+ Kxd8) 71. Bd3 Rd8 72. Be4 (72. Bc4 $14) 72... Rf8 (72... Bf4 $11 73. Rxd8+ Kxd8) 73. Bf3 Rd8 74. Kb4 Rf8 75. Kc4 Rd8 76. Bg4 {Strongly threatening Ra1.} Rf8 77. Ra3 Rf4 ({Better is} 77... Ke7 $14) 78. Re3 $16 Rf6 {[#]} 79. Rxe6 $1 Rxe6 80. d5 cxd5+ 81. Kxd5 {[%mdl 64] Pin} Bg3 82. Bxe6+ {KB-KB} Kd8 83. Bf5 Bf2 84. Be4 Kc8 85. Kd6 Kb8 86. Bf3 Bg3+ 87. Ke6 Bf2 88. Kd6 Bg3+ 89. Kd7 {White is better.} Bf2 90. Bxb7 {Hoping for Kc6.} Bxc5 91. Kc6 Bf2 92. Ba6 Be3 93. b7 Bd4 94. Bd3 Bc3 95. Be4 Bb2 96. Kd7 Bc3 97. Ke6 Kc7 98. Kf5 {Accuracy: White = 46%, Black = 39%.} 1/2-1/2

[Event "RUS-ch Men Rapid 2019"]
[Site "Sochi"]
[Date "2019.10.15"]
[Round "5.9"]
[White "Pridorozhni, Aleksei"]
[Black "Ulybin, Mikhail"]
[Result "1-0"]
[WhiteElo "2554"]
[BlackElo "2455"]
[Annotator "ChessBase"]
[PlyCount "61"]
[EventDate "2019.10.15"]
[EventType "swiss"]
[EventCountry "RUS"]
[SourceTitle "playchess.com"]
[Source "ChessBase"]
[SourceQuality "1"]
[TimeControl "900+10"]

1. e4 {[%emt 0:00:00]} e6 {[%emt 0:00:00]} 2. d4 {[%emt 0:00:00]} d5 {[%emt 0:00:00]} 3. Nc3 {[%emt 0:00:02]} Nf6 {[%emt 0:00:04]} 4. Bg5 {[%emt 0:00:07]} Be7 {[%emt 0:00:11]} 5. e5 {[%emt 0:00:04]} Nfd7 {[%emt 0:00:04]} 6. h4 {[%emt 0:00:03]} h6 {[%emt 0:00:17]} 7. Bxe7 {[%emt 0:00:13]} Qxe7 {[%emt 0:00:05]} 8. Qd2 {[%emt 0:00:05]} a6 {[%emt 0:00:32]} 9. f4 {[%emt 0:00:02]} c5 {[%emt 0:00:08]} 10. Nf3 {[%emt 0:00:03]} Nc6 {[%emt 0:00:05]} 11. dxc5 {[%emt 0:01:03]} Nxc5 {[%emt 0:00:18]} 12. Bd3 {[%emt 0:00:02]} Bd7 {[%emt 0:03:30]} 13. Ne2 {[%emt 0:00:03]} O-O-O {[%emt 0:00:55]} 14. O-O-O {[%emt 0:00:14]} Kb8 {[%emt 0:00:19]} 15. Ned4 {[%emt 0:00:09]} Rc8 {[%emt 0:00:32]} 16. Kb1 {[%emt 0:00:06]} Rc7 {[%emt 0:01:19]} 17. h5 {[%emt 0:01:00]} Rhc8 {[%emt 0:00:16]} 18. g4 {[%emt 0:00:28]} Ne4 {[%emt 0:03:45]} 19. Qe1 {[%emt 0:00:17]} Nb4 {[%emt 0:00:27]} 20. a3 {[%emt 0:00:49]} Nxd3 {[%emt 0:00:24]} 21. cxd3 {[%emt 0:00:12]} Nc3+ {[%emt 0:01:58]} 22. bxc3 {[%emt 0:00:02]} Rxc3 {[%emt 0:00:08]} 23. Qd2 {[%emt 0:01:06]} Qxa3 {[%emt 0:01:12]} 24. Qb2 {[%emt 0:00:07]} Qa5 {[%emt 0:01:47]} 25. Rc1 {[%emt 0:00:19]} Ba4 {[%emt 0:00:16]} 26. Rxc3 {[%emt 0:00:52]} Rxc3 {[%emt 0:00:03]} 27. Rc1 {[%emt 0:00:04]} Rxd3 {[%emt 0:00:12]} 28. f5 {[%emt 0:00:04]} Ka7 {[%emt 0:00:36]} 29. f6 {[%emt 0:00:09]} g5 {[%emt 0:00:12]} 30. hxg6 {[%emt 0:00:07]} fxg6 {[%emt 0:00:06]} 31. f7 {[%emt 0:00:07]} 1-0

[Event "RUS-ch Men Rapid 2019"]
[Site "Sochi"]
[Date "2019.10.15"]
[Round "5.10"]
[White "Potapov, Pavel"]
[Black "Yuffa, Daniil"]
[Result "1/2-1/2"]
[WhiteElo "2489"]
[BlackElo "2552"]
[Annotator "ChessBase"]
[PlyCount "74"]
[EventDate "2019.10.15"]
[EventType "swiss"]
[EventCountry "RUS"]
[SourceTitle "playchess.com"]
[Source "ChessBase"]
[SourceQuality "1"]
[TimeControl "900+10"]

1. e4 {[%emt 0:00:00]} c6 {[%emt 0:00:00]} 2. d4 {[%emt 0:00:00]} d5 {[%emt 0:00:00]} 3. e5 {[%emt 0:00:00]} Bf5 {[%emt 0:00:00]} 4. h4 {[%emt 0:00:00]} a6 {[%emt 0:00:05]} 5. a3 {[%emt 0:00:26]} Qc7 {[%emt 0:00:11]} 6. b4 {[%emt 0:01:25]} a5 {[%emt 0:00:32]} 7. c3 {[%emt 0:00:35]} axb4 {[%emt 0:00:51]} 8. cxb4 {[%emt 0:00:02]} e6 {[%emt 0:00:02]} 9. Bb2 {[%emt 0:00:10]} h5 {[%emt 0:00:51]} 10. Bd3 {[%emt 0:00:34]} Ne7 {[%emt 0:01:09]} 11. Ne2 {[%emt 0:00:11]} Nd7 {[%emt 0:00:04]} 12. Ng3 {[%emt 0:01:37]} Bxd3 {[%emt 0:00:05]} 13. Qxd3 {[%emt 0:00:02]} b5 {[%emt 0:00:26]} 14. Nd2 {[%emt 0:00:13]} Nb6 {[%emt 0:00:04]} 15. Rd1 {[%emt 0:00:53]} Nc4 {[%emt 0:00:07]} 16. Nxc4 {[%emt 0:00:56]} dxc4 {[%emt 0:00:19]} 17. Qf3 {[%emt 0:00:10]} g6 {[%emt 0:01:34]} 18. Ne4 {[%emt 0:00:15]} Nd5 {[%emt 0:00:19]} 19. Nf6+ {[%emt 0:01:30]} Nxf6 {[%emt 0:01:01]} 20. Qxf6 {[%emt 0:00:03]} Rg8 {[%emt 0:00:01]} 21. Rh3 {[%emt 0:00:25]} Be7 {[%emt 0:03:03]} 22. Qf3 {[%emt 0:00:40]} Qd7 {[%emt 0:00:34]} 23. Bc1 {[%emt 0:00:39]} Ra6 {[%emt 0:01:01]} 24. Bg5 {[%emt 0:00:35]} Bxg5 {[%emt 0:00:53]} 25. hxg5 {[%emt 0:00:01]} Qe7 {[%emt 0:00:01]} 26. Qf6 {[%emt 0:02:15]} Kd7 {[%emt 0:01:13]} 27. Rc1 {[%emt 0:00:28]} Rga8 {[%emt 0:01:04]} 28. Rcc3 {[%emt 0:00:09]} R6a7 {[%emt 0:00:16]} 29. Rcf3 {[%emt 0:01:06]} Ke8 {[%emt 0:00:37]} 30. Ke2 {[%emt 0:00:56]} Rd8 {[%emt 0:01:19]} 31. Rh4 {[%emt 0:00:36]} Rda8 {[%emt 0:00:28]} 32. Rhh3 {[%emt 0:00:09]} Rd8 {[%emt 0:00:29]} 33. Rh4 {[%emt 0:00:02]} Rd5 {[%emt 0:00:24]} 34. Qh8+ {[%emt 0:00:42]} Qf8 {[%emt 0:00:07]} 35. Qf6 {[%emt 0:00:03]} Qe7 {[%emt 0:00:49]} 36. Qh8+ {[%emt 0:00:02]} Qf8 {[%emt 0:00:10]} 37. Qf6 {[%emt 0:00:02]} Qe7 {[%emt 0:00:36]} 1/2-1/2